Bình luận khoa học về pháp luật dân sự và thực tiễn xét xử /
Guardat en:
| Autor principal: | |
|---|---|
| Format: | Sách giấy |
| Idioma: | Vietnamese |
| Publicat: |
H. :
Tư pháp,
2005
|
| Matèries: | |
| Etiquetes: |
Afegir etiqueta
Sense etiquetes, Sigues el primer a etiquetar aquest registre!
|
| Thư viện lưu trữ: | Thư viện Trường Đại học Đà Lạt |
|---|
| LEADER | 00701nam a2200289 4500 | ||
|---|---|---|---|
| 001 | DLU060053445 | ||
| 005 | ##20060525 | ||
| 040 | # | # | |a DLU |b vie |
| 041 | # | # | |a vie |
| 044 | # | # | |a vn |
| 082 | # | # | |a 346.597 |b LE-H |
| 100 | # | # | |a Lê Thu Hà |
| 245 | # | # | |a Bình luận khoa học về pháp luật dân sự và thực tiễn xét xử / |c Lê Thu Hà |
| 260 | # | # | |a H. : |b Tư pháp, |c 2005 |
| 300 | # | # | |a 183 tr. ; |c 21 cm |
| 653 | # | # | |a Luật dân sự |
| 653 | # | # | |a Luật học |
| 923 | # | # | |a 07/2006 |
| 992 | # | # | |a 20.000 |
| 994 | # | # | |a DLU |
| 900 | # | # | |a True |
| 911 | # | # | |a Đào Thị Thu Huyền |
| 925 | # | # | |a G |
| 926 | # | # | |a A |
| 927 | # | # | |a SH |
| 980 | # | # | |a Thư viện Trường Đại học Đà Lạt |